| 000 | 00626nam a22002417a 4500 | ||
|---|---|---|---|
| 003 | IT-MiCISF | ||
| 005 | 20201005154201.0 | ||
| 008 | 201005b ||||| |||| 00| 0 eng d | ||
| 040 | _cIT-MiCISF | ||
| 041 | _afr | ||
| 100 |
_aPoussier Thomas _958567 |
||
| 210 | _aNouvelle revue teologiques | ||
| 222 | _a00294845 | ||
| 245 | _aPedocriminalité: le secret n'est pas le silence | ||
| 260 | _c2020 | ||
| 300 | _app. 250-268 | ||
| 310 | _atrimestrale | ||
| 362 | _an. 2 | ||
| 500 | _aabuso-di-minoremaltrattamenti-violend | ||
| 650 |
_amaltrattamenti-violenza _956175 |
||
| 654 | _aarticolo | ||
| 942 |
_2ddc _cCR |
||
| 999 |
_c358964 _d358964 |
||